000 01030cab a2200313 4500
001 ABS50697
008 090401t1994 xxu||||| |||| 00| 0 eng d
035 _a(Sirsi) u10245
041 _aeng
100 _aBeard, C.
245 _aNegotiating access to the countryside
260 _c1994
350 _a0
490 _aTown & Country Planning
_v63(4) April 1994, 118-121(4)
520 _aExplains the government approach to influencing access to the countryside through a range of fiscal measures and financial incentives. Looks at how negotiators use these schemes to influence landowners to change. Table of schemes with access procedures.
650 _aACCESS
650 _aAGREEMENTS
650 _aCOMMUNITY FOREST
650 _aCOUNTRYSIDE
650 _aENVIRONMENT LAND MANAGEMENT SCHEMES
650 _aNATIONAL FOREST
650 _aNATIONAL PARKS
650 _aPAYMENT
650 _aRURAL AREAS
690 _aLEISURE AND RECREATION
690 _aRURAL PRACTICE
942 _n0
948 _c04/03/1997
999 _c6441
_d6441